| 000 | 00650nam a2200229 u 4500 | ||
|---|---|---|---|
| 001 | 000087033 | ||
| 005 | 20200120224932.0 | ||
| 008 | 140703s1997 ck er| ||||p spa d | ||
| 020 | _a9789583003844 | ||
| 041 | 0 | _aspa | |
| 043 | _as-ck---- | ||
| 090 |
_aAP _bLUGle |
||
| 100 | 1 | _aLugones, Leopoldo | |
| 245 | 1 | 0 |
_aLeopoldo Lugones : _bselección / _cLeopoldo Lugones. |
| 250 | _a1a ed. | ||
| 260 |
_aBogotá : _bPanamericana, _c1997. |
||
| 300 | _a62 páginas. | ||
| 490 | _aCuadernillos de poesía | ||
| 650 | 1 | 7 |
_aPoesía argentina _ySiglo XX _2LEMB |
| 650 | 2 | 7 |
_aLiteratura argentina _ySiglo XX _2LEMB |
| 650 | 2 | 7 |
_aLiteratura fantástica _2LEMB |
| 999 |
_c11790 _d11790 |
||